000 01074nam a2200301 i 4500
001 000048766
003 DO-SdBNP
005 20230621132406.0
007 ta
008 190326s2016 dr 000 0 spa d
020 _a9789945905106
040 _aDO-SdBNP
_bspa
_cBNPHU
_erda
082 4 _222
245 0 0 _aNarrativas sobre la democracia dominicana del siglo XXI /
_ccuidado de edición, Anselmo Muñiz, Carlos Morel
264 _aSantiago de los Caballeros, República Dominicana :
_bInstituto de Investigación Social para el Desarrollo (ISD),
_c2016.
300 _a87 páginas ;
_c22 cm.
336 _2rdacontent
_atexto
_btxt
337 _2rdamedia
_asin mediación
_bn
338 _2rdacarrier
_avolumen
_bnc
490 _aPolítica
500 _aLa biblioteca posee 3 ejemplares autografíados
500 _aIncluye referencias bibliográficas y notas al pie de las páginas.
590 _aInventariado, 2019/ YL
700 1 _aMuñiz, Anselmo,
_eedición
_976221
700 1 _aMorel, Carlos,
_eedición
_983565
910 _aBtavárez
942 _2ddc
_cLBS1
999 _c48254
_d48254